000 00593nam a2200217Ia 4500
003 OSt
005 20220918204116.0
006 a|||||r|||| 00| 0
007 ta
008 220917b |||||||| |||| 00| 0 eng d
024 _a111,047
037 _cTextual
040 _aARTS
_cARTS
_beng
041 _2eng
_aeng
082 _aV495:8-28.N5, K0
245 0 _aDocuments on the eighth session of the second dupreme people's assembly of the D P R K
260 _aNA
_bNA
_c1960
650 _aHISTORY
942 _hV495:8-28.N5, K0
_cTEXL
_2CC
999 _c234396
_d234396